Preparación al matrimonio
Salvato in:
| Natura: | Libro |
|---|---|
| Lingua: | spagnolo |
| Pubblicazione: |
Santiago
Paulinas
1975
|
| Serie: | Hacia el Amor Conyugal, 1
|
| Soggetti: | |
| Tags: |
Aggiungi Tag
Nessun Tag, puoi essere il primo ad aggiungerne!!
|
MARC
| LEADER | 00000nam a2200000 a 4500 | ||
|---|---|---|---|
| 001 | UCI1761 | ||
| 003 | CL-VaPUC | ||
| 008 | 070713e19750000CL |||||||||||||||||spa|d | ||
| 082 | 0 | 4 | |a 261.835 |b PRE |2 21 |
| 245 | 1 | 0 | |a Preparación al matrimonio |
| 300 | |a 31 p | ||
| 942 | |c BK | ||
| 945 | |d 20070713 00:00:00 |a jtorresc | ||
| 260 | |a Santiago |b Paulinas |c 1975 | ||
| 650 | 7 | |a MATRIMONIO |2 CL-VaPUC |9 522412 | |
| 650 | 0 | |a Ética |9 255099 | |
| 650 | 7 | |a CONFESION |2 CL-VaPUC |9 314483 | |
| 650 | 0 | |a Iglesia Católica |9 256114 | |
| 583 | |a last modification |c 20070713 00:00:00 |k Rodrigo Vera | ||
| 490 | 0 | |a Hacia el Amor Conyugal, 1 | |
| 999 | |c 326500 |d 326498 | ||
| 952 | |0 0 |1 0 |4 0 |6 261_835000000000000_PRE_1975 |7 0 |8 A |9 408417 |a BIBING |b BIBING |d 2019-11-22 |i 4324277 |o 261.835 PRE 1975 |p 4324277 |r 2025-01-20 |w 2019-11-22 |y BK |k TRA | ||